00477 2200169 4500001002100000005001500021035002000036245007700056100002100133250001700154300003400171260003400205082000800239084001400247020002200261650002400283INLIS00000000000046820240702095603 a0010-07240000231 aMemahami Fikih 3 untuk Kelas III Madrasah Ibtidaiyah /cAnis Tanwir Hadi0 aAnis Tanwir Hadi acetakan ke-1 axvi, 128 hlm :bilus ;c25 cm aSolo :bTiga Serangkai,c2018 a2X4 a2X4 ANI m a978-602-257-619-8 4aBuku Teks Pelajaran